| 000 | 01107cam a2200253 4500 | ||
|---|---|---|---|
| 001 | WB3714-02 | ||
| 008 | 000000n2001 000 0 eng u | ||
| 035 | _a(Sirsi) u111908 | ||
| 245 | _aUK signs UNESCO Convention | ||
| 260 | _c2001 | ||
| 490 |
_aArt Newspaper _v12(113) April 2001, 1 |
||
| 490 |
_aDCMS News Release _v(73/01) 14 March 2001, (6) |
||
| 520 | _aThe UK Government has agreed to sign up to the 1970 UNESCO Convention on the Means of Prohibiting the Illicit Import and Export and Transfer of Ownership of Cultural Property ₁ one of the key recommendations of the Advisory Panel on Illicit Trade which is seen as one of the key ways of tackling illicit trade in art and antiques. | ||
| 590 | _aWB | ||
| 650 | _aWORKS OF ART | ||
| 650 | _aIMPORTS | ||
| 650 | _aEXPORTS | ||
| 650 | _aCULTURAL OBJECTS | ||
| 650 | _aILLICIT TRADE | ||
| 650 | _aADVISORY PANEL ON ILLICIT TRADE | ||
| 650 | _aCONVENTION ON THE MEANS OF PROHIBITING AND PREVENTION OF THE ILLICIT IMPORT, EXPORT AND TRANSFER OF OWNERSHIP OF CULTURAL PROPERTY 1970 | ||
| 690 |
_aArts and antiques _96217 |
||
| 942 | _n0 | ||
| 999 |
_c66692 _d66692 |
||